| 000 | 00714nam a2200217Ia 4500 | ||
|---|---|---|---|
| 008 | 131103s9999 xx 000 0 und d | ||
| 020 |
_a8175152788 _cRs 279 |
||
| 040 | _aLoreto College | ||
| 041 | _aEnglish | ||
| 082 |
_a005.73/HOR _bLCLIB/45606 |
||
| 100 | _aHorowitz, Ellis | ||
| 245 |
_aFundamentals of Data structures in C++ _cEllis Horowitz, Sartaj Sahni, Dinesh Mehta |
||
| 260 |
_aNew Delhi _bGalgotia Publications Pvt. Ltd. _c2003 |
||
| 300 |
_axx,653p _c 24 cm |
||
| 504 | _aIncludes bibliographical references and index | ||
| 650 | _aC++ (Computer Programming Language) | ||
| 651 | _aData Structures (Computer Science) | ||
| 700 | _aSahni, Sartaj | ||
| 850 | _aLCLIB/005.73/HOR | ||
| 942 | _cBK | ||
| 999 |
_c16294 _d66773 |
||